| Tag |
First Indicator |
Second Indicator |
Subfields |
| LEADER |
00000cam a2200000 a 4500 |
| 001 |
in00000070696 |
| 005 |
20151008061850.0 |
| 008 |
781006s1977 enk b 00010 eng d |
| 020 |
|
|
|a 0582557003
|
| 035 |
|
|
|a (OCoLC)04279628
|
| 035 |
|
|
|9 AAJ9009AM
|
| 040 |
|
|
|a GZO
|c GZO
|d OCL
|d m.c.
|d TXA
|d UtOrBLW
|
| 049 |
|
|
|a TXAM
|c [1803455]
|
| 090 |
|
|
|a PB35
|b .E38 1977
|
| 090 |
|
|
|a PB35
|b .E38 1979
|
| 100 |
1 |
|
|a Ek, Jan Ate van.
|
| 245 |
1 |
4 |
|a The threshold level for modern language learning in schools /
|c J.A. van Ek ; with contributions by L.G. Alexander.
|
| 264 |
|
1 |
|a London :
|b Longman,
|c 1977
|
| 264 |
|
3 |
|c 1979 printing
|
| 300 |
|
|
|a viii, 165 pages ;
|c 24 cm.
|
| 336 |
|
|
|a text
|b txt
|2 rdacontent
|
| 337 |
|
|
|a unmediated
|b n
|2 rdamedia
|
| 338 |
|
|
|a volume
|b nc
|2 rdacarrier
|
| 504 |
|
|
|a Bibliography: pages [146]-147.
|
| 650 |
|
0 |
|a Languages, Modern
|x Study and teaching.
|
| 999 |
|
|
|a MARS
|
| 999 |
f |
f |
|s 597fb514-79b2-3acf-b848-006a1237b5c8
|i 86fa6a94-4f2a-39b4-a069-f24cccf03576
|t 0
|
| 952 |
f |
f |
|p ric
|a Texas A&M University
|b Rellis Campus
|c Joint Library Facility
|s JLF
|d Remote Storage
|t 0
|e PB35 .E38 1979
|h Library of Congress classification
|i unmediated -- volume
|m A14806173963
|
| 998 |
f |
f |
|a PB35 .E38 1979
|t 0
|l Remote Storage
|